000 00822nam a2200253 4500
003 OSt
005 20240708064854.0
006 a
008 240708b |||||||| |||| 00| 0 eng d
020 _a9780470141113
040 _aDWCL-Main lib.
_cOC
082 _aCirc. 004.068 B433s 2008
100 _aBell, Michael
245 _aService-oriented modelling : service analysis, design and architecture /
260 _aN. J. :
_bJohn Wiley & Sons, Inc.,
_cc2008.
300 _axvii,
_b366 p. : ill. ;
_c26 cm.
504 _aIncludes index.
650 _a1. Business enterprises-Computer networks-Management.
650 _a2. System design.
650 _a3. Computer software development.
650 _a4. Computer simulation.
650 _a5. Computer network architectures.
942 _2ddc
_n0
_cBK-CIRC
_kCirc.
999 _c2105
_d2105